Statistiken für Länder, die mit I beginnen

Klicken Sie hier um das Quiz zu spielen!

Allgemein

  • Dieses Quiz wurde 23 mal gespielt
  • Das Durchschnittsergebnis liegt bei 7 aus 8

Antwortstatistiken

Land% Korrekt
Indien
100%
Indonesien
91%
Irak
86%
Iran
86%
Irland
86%
Island
86%
Israel
77%
Italien
77%

Verteilung der Resultate

Perzentil nach korrekt beantworteten Fragen

Anzahl Personen mit jedem Resultat

Ihre Resultats-Entwicklung

Sie haben dieses Quiz noch nicht gespielt